[Event "4NCL 3 South pool B"]
[Site "Telford, ENG"]
[Date "2017.02.11"]
[Round "5.75"]
[White "George, Matthew P"]
[Black "Birkin, Mark H"]
[Result "1/2-1/2"]
[WhiteElo "2024"]
[BlackElo "2065"]
[PlyCount "100"]
[EventDate "2017.02.11"]
[WhiteTeam "Fermented Sharks"]
[BlackTeam "Leeds University Old Boys"]

1. d4 e6 2. c4 f5 3. g3 Nf6 4. Bg2 Be7 5. Nh3 O-O 6. O-O d6 7. b3 Qe8 8. Bb2
Bd8 9. Nf4 Nbd7 10. Qc2 e5 11. dxe5 dxe5 12. Nd5 c6 13. Ne3 g6 14. c5 Be7 15.
b4 a5 16. a3 axb4 17. axb4 Rxa1 18. Bxa1 Qf7 19. Nd2 Nd5 20. Qb3 Nxe3 21. Qxe3
e4 22. f3 exf3 23. Nxf3 Bf6 24. Ng5 Qe7 25. Qxe7 Bxe7 26. Ne6 Rf7 27. Rd1 Nf6
28. Nf4 Ng4 29. Rd3 Bf6 {(=)} 30. Bxf6 Nxf6 31. h3 g5 32. Rd8+ Rf8 33. Rxf8+
Kxf8 34. Nd3 Kf7 35. Kf2 Ne4+ 36. Bxe4 fxe4 37. Ne5+ Kf6 38. Nc4 Bxh3 39. Ke3
Be6 40. Nd6 Bd5 41. Kd4 h5 42. Nxb7 h4 43. gxh4 gxh4 44. Ke3 Ke5 45. Nd6 h3 46.
Kf2 e3+ 47. Kg3 Bg2 48. b5 cxb5 49. Nxb5 Kd5 50. Nd6 Kxc5 1/2-1/2

[Event "4NCL 3 South pool B"]
[Site "Telford, ENG"]
[Date "2017.02.11"]
[Round "5.76"]
[White "Clark, William G Bill"]
[Black "Millward, Kevin P"]
[Result "0-1"]
[WhiteElo "1860"]
[BlackElo "2017"]
[PlyCount "66"]
[EventDate "2017.02.11"]
[WhiteTeam "Leeds University Old Boys"]
[BlackTeam "Fermented Sharks"]

1. e4 d6 2. d3 g6 3. g3 e5 4. Bg2 Be6 5. Nf3 Bg7 6. O-O Nc6 7. c3 h6 8. Re1 Qd7
9. b4 a6 10. Bb2 Nge7 11. Nbd2 O-O 12. a3 Bh3 13. Bh1 f5 14. d4 fxe4 15. Nxe4
Rae8 16. d5 Nd8 17. Qd3 Nf7 18. Rad1 Kh7 19. c4 Ng8 20. Nh4 Bf5 21. Qe2 Nf6 22.
Bf3 {(=)} Ng5 23. Nxf6+ Rxf6 24. Nxf5 Nxf3+ 25. Qxf3 Rxf5 26. Qe4 Ref8 27. Re2
Qf7 28. Rdd2 h5 29. Rc2 Rf3 30. Bc3 Bh6 31. a4 Qd7 32. a5 Qh3 33. Be1 R3f4 0-1

[Event "4NCL 3 South pool B"]
[Site "Telford, ENG"]
[Date "2017.02.11"]
[Round "5.81"]
[White "Forster, Matthew"]
[Black "Reynolds, D Ian W"]
[Result "1-0"]
[WhiteElo "1915"]
[BlackElo "2020"]
[PlyCount "65"]
[EventDate "2017.02.11"]
[WhiteTeam "Sussex Martlets 2"]
[BlackTeam "Iceni 1"]

1. c4 e5 2. g3 Nf6 3. Bg2 c6 4. d4 exd4 5. Qxd4 Na6 6. Nf3 Bc5 7. Qe5+ Qe7 8.
Qxe7+ Bxe7 9. Nc3 d5 10. cxd5 Nb4 11. O-O Nbxd5 12. Nd4 O-O 13. e4 Nxc3 14.
bxc3 Rd8 15. Rb1 h6 16. h3 Nh7 17. Re1 c5 18. Nb5 a6 19. Nc7 Ra7 20. Nd5 Bf8
21. Bf4 b5 22. h4 Be6 23. c4 bxc4 24. Rec1 f5 25. Nc7 Bf7 26. exf5 Nf6 27. Ne6
Re8 28. Bb8 Bxe6 29. Bxa7 Bxf5 30. Rb8 Bd6 31. Rxe8+ Nxe8 32. Bd5+ Kh7 33. Bxc4
1-0

[Event "4NCL 3 South pool B"]
[Site "Telford, ENG"]
[Date "2017.02.11"]
[Round "5.82"]
[White "Botham, C Paul"]
[Black "Graham, William M"]
[Result "1/2-1/2"]
[WhiteElo "1968"]
[BlackElo "1837"]
[PlyCount "108"]
[EventDate "2017.02.11"]
[WhiteTeam "Iceni 1"]
[BlackTeam "Sussex Martlets 2"]

1. c4 Nf6 2. Nc3 g6 3. g3 Bg7 4. Bg2 O-O 5. Nf3 d6 6. O-O Nc6 7. d3 e5 8. Bd2
Ne8 9. Rb1 f5 10. Nd5 h6 11. b4 g5 12. b5 Ne7 13. Qb3 Be6 14. Nxe7+ Qxe7 15.
Ne1 Bc8 16. Nc2 Nf6 17. Nb4 e4 18. Nd5 Nxd5 19. cxd5 a6 20. a4 axb5 21. axb5
Bd7 22. dxe4 fxe4 23. Qc4 Bf5 24. Be3 Ra3 25. Rfc1 Rc8 26. Rb4 Qe5 27. Bd4 Qxd4
28. Qxd4 Bxd4 29. Rxd4 Rb3 30. Bxe4 Bxe4 31. Rxe4 Rxb5 32. Rec4 Rxd5 33. Rxc7
Rxc7 34. Rxc7 b5 35. Rb7 h5 36. e4 Re5 37. Rb6 Rxe4 38. Rxd6 Re5 39. f3 Kf7 40.
Kf2 {(=)} Ke7 41. Rb6 Kd7 42. f4 gxf4 43. gxf4 Rf5 44. Ke3 Kc7 45. Rg6 Rc5 46.
Ke4 b4 47. Rg3 Kd6 48. Kd4 Rc2 49. Rb3 Rxh2 50. Rxb4 Ke6 51. Ke4 h4 52. Rb6+
Kf7 53. Kf5 h3 54. Kg4 Rh1 1/2-1/2

[Event "4NCL 3 South pool B"]
[Site "Telford, ENG"]
[Date "2017.02.11"]
[Round "5.83"]
[White "Blake, J Morgan"]
[Black "Dickson, George"]
[Result "1-0"]
[WhiteElo "1795"]
[BlackElo "2011"]
[PlyCount "39"]
[EventDate "2017.02.11"]
[WhiteTeam "Sussex Martlets 2"]
[BlackTeam "Iceni 1"]

1. e4 e5 2. Nf3 Nc6 3. Bb5 a6 4. Ba4 Nf6 5. Qe2 Bc5 6. c3 b5 7. Bb3 O-O 8. O-O
d5 9. exd5 e4 10. Ng5 Bg4 11. Qe1 Nxd5 12. Qxe4 Qxg5 13. d4 Bf5 14. Qxd5 Qg6
15. Qxc5 Rfd8 16. Bf4 Rd7 17. Nd2 Re8 18. Rfe1 Rde7 19. Rxe7 Rxe7 20. Bd5 1-0

[Event "4NCL 3 South pool B"]
[Site "Telford, ENG"]
[Date "2017.02.11"]
[Round "5.84"]
[White "Downham, Alan F"]
[Black "Finn, Thomas"]
[Result "1/2-1/2"]
[WhiteElo "2003"]
[BlackElo "1781"]
[PlyCount "114"]
[EventDate "2017.02.11"]
[WhiteTeam "Iceni 1"]
[BlackTeam "Sussex Martlets 2"]

1. c4 c5 2. g3 g6 3. Bg2 Bg7 4. Nc3 Nc6 5. d3 e6 6. e3 Nge7 7. Nge2 d5 8. O-O
O-O 9. Qc2 Nb4 10. Qb1 d4 11. exd4 cxd4 12. Ne4 f5 13. Nd2 e5 14. a3 Nbc6 15.
b4 e4 16. Bb2 exd3 17. Nf4 Ne5 18. Nxd3 N7c6 19. Bd5+ Kh8 20. Nxe5 Bxe5 21. Nf3
Bg7 22. Qd3 f4 23. Nxd4 Ne5 24. Qd2 f3 25. Rfe1 Qd7 26. Ne6 Nxc4 27. Qh6 Nxb2
28. Nxf8 Bxh6 29. Nxd7 Bxd7 30. Rab1 Na4 31. Bxb7 Rf8 32. Rbd1 Bg4 33. Re4 Nc3
34. Rxg4 Nxd1 35. Rd4 Nc3 36. Rd3 Nb5 37. a4 Nc7 38. Bxf3 Ne6 39. Bg4 Rd8 40.
Rc3 Bd2 41. Rc4 Nd4 42. a5 Nb5 43. Be2 Nc3 44. Bf1 Na2 45. b5 Nc3 46. Rc7 Rb8
47. a6 Ra8 48. Rd7 Bg5 49. Bg2 Rd8 50. Rxa7 Nxb5 51. Rb7 Nd6 52. Rc7 Nc8 53.
Bh3 Nb6 54. Rb7 Na8 55. Bg2 Bf6 56. Ra7 Nb6 57. Rb7 Na8 1/2-1/2

[Event "4NCL 3 South pool B"]
[Site "Telford, ENG"]
[Date "2017.02.11"]
[Round "5.85"]
[White "Neale, George"]
[Black "Calvert, D Ian"]
[Result "0-1"]
[WhiteElo "1688"]
[BlackElo "1908"]
[PlyCount "82"]
[EventDate "2017.02.11"]
[WhiteTeam "Sussex Martlets 2"]
[BlackTeam "Iceni 1"]

1. d4 d5 2. c4 c6 3. Nf3 Nf6 4. Nc3 dxc4 5. a4 Bf5 6. e3 e6 7. Bxc4 Bb4 8. O-O
O-O 9. Qe2 Bg4 10. Rd1 Nbd7 11. e4 Qc7 12. Bd2 e5 13. d5 a5 14. Rac1 Qb6 15.
dxc6 bxc6 16. h3 Bxf3 17. Qxf3 Rad8 18. Bg5 Be7 19. b3 Nc5 20. Qe3 Qb4 21. Bxf6
Bxf6 22. Ne2 Rxd1+ 23. Rxd1 Nxa4 24. Bxf7+ Rxf7 25. bxa4 Qxa4 26. Rb1 Rd7 27.
Nc3 Qc4 28. Ra1 Rd3 29. Qa7 Rxc3 30. Rxa5 Rc1+ 31. Kh2 Qxe4 32. Qa8+ Kf7 33.
Ra7+ Be7 34. Rxe7+ Kxe7 35. Qa3+ Ke6 36. Qxc1 Qf4+ 37. Qxf4 exf4 38. Kg1 Kd5
39. Kf1 Kc4 40. Ke2 c5 41. Kd2 Kb3 0-1

[Event "4NCL 3 South pool B"]
[Site "Telford, ENG"]
[Date "2017.02.11"]
[Round "5.86"]
[White "Szymanski, Mark"]
[Black "Salmons, Calum"]
[Result "1-0"]
[WhiteElo "1891"]
[BlackElo "1700"]
[PlyCount "101"]
[EventDate "2017.02.11"]
[WhiteTeam "Iceni 1"]
[BlackTeam "Sussex Martlets 2"]

1. d4 Nf6 2. c4 c5 3. d5 b5 4. cxb5 a6 5. bxa6 Bxa6 6. Nc3 d6 7. g3 g6 8. Bg2
Bg7 9. Nf3 Nbd7 10. Rb1 O-O 11. O-O Qb6 12. Qc2 Bc4 13. b3 Bxd5 14. Nd2 Bxg2
15. Kxg2 Ne5 16. a4 Nc6 17. Nb5 Nd5 18. Bb2 Nd4 19. Bxd4 cxd4 20. Nc4 Qb7 21.
Kg1 Nc3 22. Nxc3 dxc3 23. Na3 Rac8 24. Rfd1 Rc5 25. b4 Rh5 26. e3 Qd7 27. b5
Ra8 28. b6 Rha5 29. Rb4 Rb8 30. Rdb1 d5 31. Rb5 Ra6 32. a5 Qb7 33. Qd3 e6 34.
Nc2 Bf8 35. Qxc3 Rc8 36. Qd2 Rc5 37. Rxc5 Bxc5 38. Rb5 Bd6 39. Nb4 Bxb4 40.
Qxb4 Ra8 41. Rc5 Rd8 42. Rc7 Qb8 43. a6 d4 44. exd4 e5 45. a7 Qa8 46. Qe7 Rf8
47. dxe5 Qe4 48. Qf6 Qe1+ 49. Kg2 Qe4+ 50. Qf3 Qxe5 51. a8=Q 1-0

[Event "4NCL 3 South pool B"]
[Site "Telford, ENG"]
[Date "2017.02.12"]
[Round "6.51"]
[White "Hall, John"]
[Black "Britton, Richard L"]
[Result "0-1"]
[WhiteElo "2222"]
[BlackElo "2157"]
[PlyCount "82"]
[EventDate "2017.02.12"]
[WhiteTeam "Leeds University Old Boys"]
[BlackTeam "Hackney "]

1. e4 c5 2. Nf3 d6 3. d4 cxd4 4. Nxd4 Nf6 5. Nc3 a6 6. Bg5 e6 7. f4 Be7 8. Qf3
Qc7 9. O-O-O Nbd7 10. Bd3 h6 11. Bh4 g5 12. e5 gxh4 13. exf6 Nxf6 14. f5 e5 15.
Nde2 Bd7 16. Be4 Bc6 17. Nd5 Nxd5 18. Bxd5 Bg5+ 19. Kb1 O-O-O 20. Nc3 Kb8 21.
Qd3 Rd7 22. Rhe1 Rc8 23. Re4 Qb6 24. Bxc6 Rxc6 25. Nd5 Qf2 26. Re2 Qc5 27. a3
Rd8 28. Re4 Qf2 29. Nb4 Rb6 30. Re2 Qc5 31. Qe4 Rc8 32. Nd5 Rbc6 33. c4 Qxc4
34. Qxc4 Rxc4 35. Nc3 Rd4 36. Ree1 Rc5 37. Ne4 Rcd5 38. Rxd4 Rxd4 39. Re2 Kc7
40. Kc2 f6 41. Kc3 d5 0-1

[Event "4NCL 3 South pool B"]
[Site "Telford, ENG"]
[Date "2017.02.12"]
[Round "6.52"]
[White "Tasker, Michael W"]
[Black "Pickard, Charles"]
[Result "1/2-1/2"]
[WhiteElo "2079"]
[BlackElo "2215"]
[PlyCount "45"]
[EventDate "2017.02.12"]
[WhiteTeam "Hackney "]
[BlackTeam "Leeds University Old Boys"]

1. d4 d5 2. Nf3 e6 3. c4 c6 4. Qc2 f5 5. g3 Nf6 6. Bg2 Bd6 7. O-O O-O 8. b3 Qe7
9. Bb2 Ne4 10. Nbd2 Nxd2 11. Qxd2 Nd7 12. Rac1 Nf6 13. Ne5 Ne4 14. Qc2 Bd7 15.
f3 Nf6 16. e4 fxe4 17. fxe4 Bxe5 18. dxe5 Qc5+ 19. Qf2 Qxf2+ 20. Rxf2 Nxe4 21.
Rxf8+ Rxf8 22. Bxe4 dxe4 23. Rd1 1/2-1/2

[Event "4NCL 3 South pool B"]
[Site "Telford, ENG"]
[Date "2017.02.12"]
[Round "6.53"]
[White "Birkin, Mark H"]
[Black "Walker, Nicholas P"]
[Result "0-1"]
[WhiteElo "2065"]
[BlackElo "2140"]
[PlyCount "72"]
[EventDate "2017.02.12"]
[WhiteTeam "Leeds University Old Boys"]
[BlackTeam "Hackney "]

1. e4 e5 2. Nc3 Nc6 3. g3 Bc5 4. Bg2 Nf6 5. Nge2 d6 6. O-O a6 7. h3 O-O 8. d3
Be6 9. Kh2 d5 10. f4 dxe4 11. Nxe4 Nxe4 12. Bxe4 Bd5 13. Nc3 Bxe4 14. Nxe4 Be7
15. f5 f6 16. Be3 Qd5 17. Qf3 Rad8 18. Qf2 Nd4 19. Nc3 Qc6 20. a3 Qb6 21. Rab1
c5 22. Nd5 Qc6 23. b4 c4 24. c3 cxd3 25. Nxf6+ Bxf6 26. cxd4 exd4 27. Bd2 Rfe8
28. Rbc1 Qd5 29. Rfe1 Qa2 30. Ra1 Qb2 31. Qg2 Re2 32. Rxe2 dxe2 33. Re1 Qxd2
34. Rxe2 Qc3 35. Qe4 d3 36. Qe6+ Kf8 0-1

[Event "4NCL 3 South pool B"]
[Site "Telford, ENG"]
[Date "2017.02.12"]
[Round "6.54"]
[White "Chin, F."]
[Black "Mossong, Hubert"]
[Result "0-1"]
[WhiteElo "2122"]
[BlackElo "2132"]
[PlyCount "146"]
[EventDate "2017.02.12"]
[WhiteTeam "Hackney "]
[BlackTeam "Leeds University Old Boys"]

1. d4 d6 2. Nf3 Bg4 3. g3 Bxf3 4. exf3 e6 5. c4 Nf6 6. Nc3 Nbd7 7. Be3 Be7 8.
Bg2 O-O 9. Qe2 c6 10. Rd1 d5 11. O-O Re8 12. f4 Bb4 13. Nb1 a5 14. a3 Be7 15.
Nc3 dxc4 16. Qxc4 Nb6 17. Qe2 Nfd5 18. Ne4 Nd7 19. Rd2 Qb6 20. Rc1 Rad8 21.
Rdc2 N7f6 22. Nd2 Qa7 23. Nf3 Nd7 24. h4 Rc8 25. Kh2 Bd6 26. Qd3 N7f6 27. Bh3
Rcd8 28. Qe2 h6 29. Bd2 a4 30. Be3 Bc7 31. Ne1 Bb6 32. Nf3 Nc7 33. Rc4 Nb5 34.
Qc2 Ra8 35. f5 exf5 36. Qxf5 Nd6 37. Qd3 Nxc4 38. Rxc4 Nd5 39. Ne5 Rxe5 40.
dxe5 Bxe3 41. fxe3 Qxe3 42. Qxe3 Nxe3 43. Re4 Nd5 44. Kg2 Kf8 45. Kf3 Ke7 46.
Rd4 b5 47. Ke4 Rd8 48. Bf1 f5+ 49. exf6+ Nxf6+ 50. Ke3 Rxd4 51. Kxd4 Kd6 52.
Be2 Nd5 53. Ke4 Ne7 54. Bd1 g6 55. g4 Ke6 56. Kd4 Kd6 57. Ke4 Nd5 58. Be2 Nc7
59. Kd4 c5+ 60. Ke4 Ke6 61. Bd1 Ne8 62. Kf4 Nd6 63. Bc2 Nc4 64. Bxg6 Nxb2 65.
g5 hxg5+ 66. Kxg5 b4 67. axb4 cxb4 68. Bh7 Kf7 69. Be4 Kg7 70. Bd5 Nd1 71. Kf4
Nc3 72. Bc4 b3 73. Ke3 b2 0-1

[Event "4NCL 3 South pool B"]
[Site "Telford, ENG"]
[Date "2017.02.12"]
[Round "6.55"]
[White "Taylor, Mark V"]
[Black "Clancy, Martin J"]
[Result "0-1"]
[WhiteElo "2013"]
[BlackElo "1903"]
[PlyCount "38"]
[EventDate "2017.02.12"]
[WhiteTeam "Leeds University Old Boys"]
[BlackTeam "Hackney "]

1. d4 g6 2. e4 Bg7 3. Nf3 d6 4. Be2 a6 5. O-O Nf6 6. Nbd2 Nbd7 7. Re1 e5 8. c3
O-O 9. Bf1 Re8 10. dxe5 Nxe5 11. Qc2 Bg4 12. Nxe5 Rxe5 13. h3 Bf5 14. f3 d5 15.
Rd1 Qe7 16. exf5 Qc5+ 17. Kh1 Qf2 18. Bd3 Rae8 19. Nf1 Re2 0-1

[Event "4NCL 3 South pool B"]
[Site "Telford, ENG"]
[Date "2017.02.12"]
[Round "6.56"]
[White "Burgoyne, Peter A"]
[Black "Clark, William G Bill"]
[Result "1/2-1/2"]
[WhiteElo "1680"]
[BlackElo "1860"]
[PlyCount "71"]
[EventDate "2017.02.12"]
[WhiteTeam "Hackney "]
[BlackTeam "Leeds University Old Boys"]

1. e4 c5 2. c3 g6 3. Nf3 b6 4. Bc4 e6 5. O-O Bg7 6. d4 Ne7 7. Be3 Qc7 8. d5
exd5 9. exd5 d6 10. Nbd2 O-O 11. Ne4 Bf5 12. Ng3 Bg4 13. h3 Bxf3 14. Qxf3 Nd7
15. Bf4 Ne5 16. Bxe5 Bxe5 17. Rfe1 a6 18. Rad1 Qb7 19. Bb3 b5 20. Bc2 Rae8 21.
h4 Nc8 22. h5 Qd7 23. Ne4 Qd8 24. g3 f5 25. hxg6 hxg6 26. Nd2 Qg5 27. Kg2 Kg7
28. Rh1 Rh8 29. Rxh8 Rxh8 30. Kg1 Nb6 31. Qg2 Qd8 32. Nf3 Bf6 33. g4 f4 34. Nd2
Be5 35. g5 Rh5 36. Nf3 1/2-1/2

[Event "4NCL 3 South pool B"]
[Site "Telford, ENG"]
[Date "2017.02.12"]
[Round "6.61"]
[White "Gooding, Ian"]
[Black "Moloney, Nicholas R"]
[Result "0-1"]
[WhiteElo "2034"]
[BlackElo "2174"]
[PlyCount "124"]
[EventDate "2017.02.12"]
[WhiteTeam "Cambridge University 2"]
[BlackTeam "Fermented Sharks"]

1. e4 c5 2. Nf3 Nc6 3. d4 cxd4 4. Nxd4 Nf6 5. Nc3 e5 6. Ndb5 d6 7. Nd5 Nxd5 8.
exd5 Nb8 9. a4 Be7 10. Be2 O-O 11. O-O f5 12. f4 a6 13. Na3 e4 14. Be3 Nd7 15.
Nc4 Qe8 16. b4 Qf7 17. Ra3 Nf6 18. Nb6 Rb8 19. c4 Nd7 20. Qd2 Nxb6 21. Bxb6 Bd8
22. Be3 b6 23. Rd1 Bf6 24. a5 bxa5 25. Rxa5 Rd8 26. c5 dxc5 27. Bxc5 Bb7 28.
Bc4 Kh8 29. Qa2 Qh5 30. Be2 Qh6 31. g3 g5 32. Be3 Qg7 33. fxg5 Bxg5 34. Bd4 Bf6
35. Qb2 Bxd4+ 36. Qxd4 Rd6 37. Qxg7+ Kxg7 38. Kf2 Kf6 39. Rc5 Ke5 40. Rc7 Bxd5
41. Re7+ Kf6 42. Rxh7 Rxb4 43. Rh6+ Ke5 44. Rxd6 Kxd6 45. Bxa6 Rb2+ 46. Ke3 Ke5
47. Rd2 Rb3+ 48. Ke2 Ra3 49. Bb5 Rb3 50. Ba6 Rb6 51. Bc8 Bc4+ 52. Ke1 e3 53.
Rd8 Rb1+ 54. Rd1 Rb2 55. Rc1 Bd3 56. Rd1 Re2+ 57. Kf1 Rf2+ 58. Kg1 Kd4 59. Ra1
Kc3 60. Ra3+ Kd2 61. Ra2+ Bc2 62. Bb7 Rf1+ 0-1

[Event "4NCL 3 South pool B"]
[Site "Telford, ENG"]
[Date "2017.02.12"]
[Round "6.62"]
[White "Farkas, Daniel"]
[Black "Blackie, Neville J"]
[Result "1-0"]
[WhiteElo "2108"]
[BlackElo "2103"]
[PlyCount "57"]
[EventDate "2017.02.12"]
[WhiteTeam "Fermented Sharks"]
[BlackTeam "Cambridge University 2"]

1. e4 c5 2. c3 d5 3. exd5 Qxd5 4. d4 Nc6 5. Nf3 Bg4 6. Be2 e6 7. h3 Bh5 8. c4
Qd6 9. d5 Bxf3 10. Bxf3 exd5 11. cxd5 Nd4 12. Nc3 Nf6 13. Be3 Nxf3+ 14. Qxf3
Qb6 15. Qe2 O-O-O 16. Rd1 g5 17. O-O Rg8 18. Na4 Qa5 19. Nxc5 Bxc5 20. Bxc5
Nxd5 21. Qc4 Nc7 22. b4 Qb5 23. Qxf7 Rge8 24. Qxh7 b6 25. Bd6 Rd7 26. Qc2 Re2
27. Qc3 Re6 28. Bg3 Rxd1 29. Qxc7# 1-0

[Event "4NCL 3 South pool B"]
[Site "Telford, ENG"]
[Date "2017.02.12"]
[Round "6.63"]
[White "Chan, Nevil"]
[Black "Okhai, Shabir"]
[Result "0-1"]
[WhiteElo "2022"]
[BlackElo "2088"]
[PlyCount "72"]
[EventDate "2017.02.12"]
[WhiteTeam "Cambridge University 2"]
[BlackTeam "Fermented Sharks"]

1. d4 Nf6 2. Nc3 d5 3. Bg5 Nbd7 4. Nf3 h6 5. Bh4 e6 6. e3 c5 7. Be2 Be7 8. O-O
O-O 9. Ne5 Nxe5 10. dxe5 Nd7 11. Bxe7 Qxe7 12. f4 a6 13. a4 b6 14. Bf3 Bb7 15.
Qe2 Rad8 16. g3 f6 17. exf6 Nxf6 18. e4 d4 19. Nb1 Qd7 20. Ra3 b5 21. axb5 axb5
22. Nd2 c4 23. e5 Nd5 24. Ne4 Qc7 25. Nd6 Qb6 26. Kh1 Ra8 27. Rfa1 Rxa3 28.
Rxa3 Bc6 29. h4 Ne7 30. Bxc6 Qxc6+ 31. Kh2 b4 32. Re3 dxe3 33. Nxc4 Ra8 34. Qg2
Qxc4 35. Qxa8+ Kh7 36. Qe8 Qxc2+ 0-1

[Event "4NCL 3 South pool B"]
[Site "Telford, ENG"]
[Date "2017.02.12"]
[Round "6.64"]
[White "Agnew, Alan"]
[Black "Campbell, Mark C"]
[Result "1-0"]
[WhiteElo "2090"]
[BlackElo "1924"]
[PlyCount "55"]
[EventDate "2017.02.12"]
[WhiteTeam "Fermented Sharks"]
[BlackTeam "Cambridge University 2"]

1. d4 Nf6 2. Nf3 e6 3. Bg5 Be7 4. Nbd2 d5 5. e3 O-O 6. Bd3 b6 7. Ne5 Bb7 8. Qf3
Nbd7 9. Qh3 g6 10. Bh6 Re8 11. O-O-O c5 12. c3 c4 13. Bc2 b5 14. Ndf3 Nxe5 15.
dxe5 Nd7 16. Qg4 Bf8 17. Bxf8 Nxf8 18. h4 Re7 19. h5 Qe8 20. Ng5 Kg7 21. Qf4
Nd7 22. hxg6 fxg6 23. Rxh7+ Kg8 24. Rdh1 Rxh7 25. Rxh7 Bc6 26. Qh4 Nf8 27. Rh8+
Kg7 28. Qh6# 1-0

[Event "4NCL 3 South pool B"]
[Site "Telford, ENG"]
[Date "2017.02.12"]
[Round "6.65"]
[White "Phillips, William"]
[Black "George, Matthew P"]
[Result "0-1"]
[WhiteElo "1861"]
[BlackElo "2024"]
[PlyCount "100"]
[EventDate "2017.02.12"]
[WhiteTeam "Cambridge University 2"]
[BlackTeam "Fermented Sharks"]

1. d4 Nf6 2. Nf3 e6 3. e3 b6 4. Bd3 Bb7 5. O-O d6 6. Nc3 Nbd7 7. e4 c5 8. Re1
cxd4 9. Nxd4 a6 10. a4 Qc7 11. Be3 Be7 12. f3 O-O 13. Qd2 Rfd8 14. Qf2 d5 15.
exd5 Nxd5 16. Nxd5 Bxd5 17. Qg3 Qxg3 18. hxg3 Bf6 19. c3 Ne5 20. Bf1 Nc4 21.
Bxc4 Bxc4 22. Nc2 Rab8 23. Nb4 Rd7 24. Rad1 Rxd1 25. Rxd1 Rd8 26. Rxd8+ Bxd8
27. Nc6 Bc7 28. Kf2 Kf8 29. Bf4 Bxf4 30. gxf4 Bd5 31. Nb4 Bb7 32. Ke3 Ke7 33.
Kd4 Kd6 34. Nd3 f6 35. c4 a5 36. c5+ bxc5+ 37. Nxc5 Bd5 38. Ne4+ Kc6 39. Nc3 h5
40. Nxd5 exd5 41. f5 h4 42. f4 Kd6 43. Kd3 Kc5 44. Kc3 d4+ 45. Kd3 Kd5 46. Kd2
Kc4 47. Kc2 d3+ 48. Kd2 Kd4 49. b4 axb4 50. a5 b3 0-1

[Event "4NCL 3 South pool B"]
[Site "Telford, ENG"]
[Date "2017.02.12"]
[Round "6.66"]
[White "Millward, Kevin P"]
[Black "Lim, Mark"]
[Result "1-0"]
[WhiteElo "2017"]
[BlackElo "1827"]
[PlyCount "135"]
[EventDate "2017.02.12"]
[WhiteTeam "Fermented Sharks"]
[BlackTeam "Cambridge University 2"]

1. d4 Nf6 2. Bf4 g6 3. e3 Bg7 4. Nf3 d6 5. h3 O-O 6. Be2 c5 7. c3 Be6 8. Nbd2
Nc6 9. O-O Qb6 10. Qc2 Rac8 11. dxc5 Qxc5 12. Nb3 Qb6 13. Nbd4 Nxd4 14. exd4
Nd5 15. Be3 Nxe3 16. fxe3 Bc4 17. Bxc4 Rxc4 18. Qb3 Qc7 19. a4 Bh6 20. Rfe1 Re8
21. Nd2 Rc6 22. a5 Ra6 23. Qb5 Rc6 24. Qd3 d5 25. e4 Bxd2 26. Qxd2 dxe4 27.
Rxe4 Ra6 28. Re3 e6 29. b4 Rc6 30. Ra3 Qf4 31. Qf2 Qg5 32. Kh2 Qd5 33. Re5 Qd6
34. Qg3 Kg7 35. Rc5 Qe7 36. Ra2 a6 37. Re2 Rxc5 38. bxc5 Qf6 39. Rf2 Qd8 40.
Rb2 Re7 41. Qe5+ Kg8 42. Rb6 Qc8 43. Kg3 Rd7 44. Rb2 Rc7 45. h4 h5 46. Kf4 f6
47. Qe4 e5+ 48. Kf3 Qe6 49. Rb6 Qf7 50. Kg3 Qc4 51. Rxf6 Qxc3+ 52. Kh2 Qxd4 53.
Rxg6+ Rg7 54. Qxd4 exd4 55. Rxg7+ Kxg7 56. Kg3 Kf6 57. Kf4 d3 58. Ke3 Kf5 59.
Kxd3 Kf4 60. Kd4 Kg3 61. Kd5 Kxh4 62. Kd6 Kg3 63. Kc7 Kxg2 64. Kxb7 h4 65. c6
h3 66. c7 h2 67. c8=Q Kf2 68. Qc6 1-0

[Event "4NCL 3 South pool B"]
[Site "Telford, ENG"]
[Date "2017.02.12"]
[Round "6.71"]
[White "Dickson, George"]
[Black "Hurney, Kevin"]
[Result "1-0"]
[WhiteElo "2011"]
[BlackElo "2095"]
[PlyCount "149"]
[EventDate "2017.02.12"]
[WhiteTeam "Iceni 1"]
[BlackTeam "Shropshire 1"]

1. d4 d6 2. e4 Nf6 3. Nc3 g6 4. Bc4 Bg7 5. Nf3 O-O 6. O-O Nxe4 7. Nxe4 d5 8.
Bd3 dxe4 9. Bxe4 c5 10. dxc5 Qc7 11. c3 Nd7 12. c6 bxc6 13. Be3 Nf6 14. Bc2 Ba6
15. Re1 Rfd8 16. Qc1 Ng4 17. Bc5 e6 18. h3 Bh6 19. Qb1 Nf6 20. Bd4 Qe7 21. Bd3
Bxd3 22. Qxd3 c5 23. Bxf6 Qxf6 24. Qe2 Rd5 25. c4 Rd6 26. Rad1 Rad8 27. Rxd6
Rxd6 28. b3 Bg7 29. Rd1 Qd8 30. Rxd6 Qxd6 31. Qd2 Qxd2 32. Nxd2 f5 33. Kf1 Kf7
34. Ke2 e5 35. f3 h5 36. Nb1 Ke6 37. Kd3 g5 38. Nc3 a6 39. Nd5 Bf8 40. Ne3 Bd6
41. g4 e4+ 42. Ke2 exf3+ 43. Kxf3 fxg4+ 44. hxg4 h4 45. Kg2 Ke5 46. Nf5 Bf8 47.
Kf3 Bd6 48. a3 a5 49. Ke3 Bc7 50. Kf3 Ke6 51. Ng7+ Kf7 52. Nf5 h3 53. Ne3 Ke6
54. Nd5 Bd6 55. Nc3 h2 56. Kg2 Ke5 57. Nb5 Bb8 58. Kxh2 Kf4 59. Kh3 Kf3 60. Nc3
Ke3 61. Kg2 Kd3 62. Na4 Bd6 63. Kf3 Kc2 64. Ke4 Kxb3 65. Kd5 Bf4 66. Nxc5+ Kxa3
67. Kd4 a4 68. Kc3 Be5+ 69. Kc2 Bh8 70. Nd3 Bd4 71. c5 Ka2 72. c6 Bb6 73. Nb4+
Ka1 74. Nd5 a3 75. Kb3 1-0

[Event "4NCL 3 South pool B"]
[Site "Telford, ENG"]
[Date "2017.02.12"]
[Round "6.72"]
[White "Whyte, Brian G"]
[Black "Downham, Alan F"]
[Result "1-0"]
[WhiteElo "2065"]
[BlackElo "2003"]
[PlyCount "47"]
[EventDate "2017.02.12"]
[WhiteTeam "Shropshire 1"]
[BlackTeam "Iceni 1"]

1. e4 g6 2. d4 Bg7 3. c4 d6 4. Nc3 Nd7 5. Nf3 e6 6. Be3 a6 7. Be2 Ne7 8. Qd2 h6
9. h3 f5 10. g4 d5 11. exf5 exf5 12. gxf5 gxf5 13. Rg1 Rh7 14. Ne5 Nxe5 15.
dxe5 Be6 16. O-O-O c6 17. Bh5+ Kd7 18. Na4 Bxe5 19. Nc5+ Kc8 20. Nxe6 Qd6 21.
Nf4 d4 22. Ng6 Nxg6 23. Bxg6 Rh8 24. Bxd4 1-0

[Event "4NCL 3 South pool B"]
[Site "Telford, ENG"]
[Date "2017.02.12"]
[Round "6.73"]
[White "Reynolds, D Ian W"]
[Black "Bryant, Richard B E"]
[Result "0-1"]
[WhiteElo "2020"]
[BlackElo "2072"]
[PlyCount "128"]
[EventDate "2017.02.12"]
[WhiteTeam "Iceni 1"]
[BlackTeam "Shropshire 1"]

1. e4 e6 2. d4 d5 3. Nc3 Bb4 4. exd5 exd5 5. Bd3 Nc6 6. a3 Ba5 7. Be3 Nge7 8.
Qf3 O-O 9. Qh5 f5 10. Nge2 Be6 11. O-O-O Qd7 12. Nb1 a6 13. c3 Bf7 14. Qh4 Ng6
15. Qg3 Nd8 16. h4 c6 17. h5 Bc7 18. Qh3 Ne7 19. Nd2 Be8 20. f4 b5 21. Nf3 a5
22. Ne5 Qe6 23. Bd2 Nf7 24. Rde1 Nd6 25. Ng3 Qf6 26. Bc2 Nc4 27. Nf1 b4 28.
Nxc4 dxc4 29. cxb4 Nd5 30. bxa5 c3 31. Bxc3 Nxc3 32. Qxc3 Bxa5 33. b4 Bb6 34.
Re5 Qd6 35. d5 cxd5 36. Rxd5 Qxf4+ 37. Kb1 Bxh5 38. Nd2 Rac8 39. Qd3 Bg6 40.
Rf1 Qg4 41. Qf3 Qg5 42. Ne4 Qe7 43. Nd6 Rxc2 44. Kxc2 f4+ 45. Kb3 Bc7 46. Rfd1
Qe6 47. Kb2 Rd8 48. Qxf4 Rf8 49. Qd4 Bd8 50. Qc5 Qe2+ 51. R5d2 Bf6+ 52. Ka2 Qg4
53. Qc4+ Bf7 54. Rd5 Qxg2+ 55. R1d2 Bxd5 56. Rxg2 Bxc4+ 57. Nxc4 h5 58. b5 Bd4
59. Kb3 Rf3+ 60. Kb4 h4 61. b6 h3 62. Rd2 Bc3+ 63. Kb5 Bxd2 64. Nxd2 Rf7 0-1

[Event "4NCL 3 South pool B"]
[Site "Telford, ENG"]
[Date "2017.02.12"]
[Round "6.74"]
[White "Paul, Nathanael"]
[Black "Botham, C Paul"]
[Result "1/2-1/2"]
[WhiteElo "2012"]
[BlackElo "1968"]
[PlyCount "116"]
[EventDate "2017.02.12"]
[WhiteTeam "Shropshire 1"]
[BlackTeam "Iceni 1"]

1. e4 Nf6 2. Nc3 d6 3. g3 e5 4. Bg2 Be7 5. Nge2 O-O 6. O-O c6 7. d3 Qb6 8. h3
Nbd7 9. Kh1 Re8 10. f4 exf4 11. gxf4 Nf8 12. Ng3 Ng6 13. Nce2 Nh4 14. c3 Nxg2
15. Kxg2 Bf8 16. Nd4 g6 17. Rf2 Bd7 18. f5 Bg7 19. Bg5 Rf8 20. Qd2 c5 21. Nde2
Bb5 22. Raf1 Nd7 23. f6 Bh8 24. Bh6 Rfe8 25. h4 Ne5 26. c4 Bc6 27. b3 a5 28. h5
Qb4 29. hxg6 Qxd2 30. gxh7+ Kxh7 31. Bxd2 Nxd3 32. Rh1+ Kg8 33. Rf5 Ne5 34. Nf4
a4 35. Rg5+ Ng6 36. Bc3 axb3 37. Nxg6 Rxa2+ 38. Kf3 fxg6 39. Rxh8+ Kxh8 40.
Rxg6 Rc2 41. Rh6+ Kg8 42. f7+ Kxf7 43. Rf6+ Ke7 44. Nf5+ Kd8 45. Ba5+ Kc8 46.
Nxd6+ Kb8 47. Nxe8 b2 48. Nc7 Kc8 49. Rf8+ Kd7 50. Rf7+ Kd6 51. Nd5 Ke5 52.
Bc3+ Rxc3+ 53. Nxc3 Kd4 54. Nb1 Bxe4+ 55. Kf4 Bxb1 56. Rxb7 Kc3 57. Ke5 Bc2 58.
Rxb2 Kxb2 1/2-1/2